Statistiken für Bundesstaaten des Deutschen Reichs auf einer Karte

Klicken Sie hier um das Quiz zu spielen!

Allgemein

  • Dieses Quiz wurde 318 mal gespielt
  • Das Durchschnittsergebnis liegt bei 13 aus 26

Antworten auf der Karte

Die Antworten werden auf der Karte rot bzw. grün angezeigt, abhängig davon wie oft sie richtig erraten wurden.
 

Antwortstatistiken

Antwort% Korrekt
Königreich Bayern
97%
Königreich Preußen
95%
Königreich Sachsen
95%
Großherzogtum Baden
94%
Freie und Hansestadt Hamburg
82%
Hansestadt Bremen
79%
Königreich Württemberg
76%
Großherzogtum Hessen
75%
Großherzogtum Oldenburg
61%
Herzogtum Anhalt
61%
Reichsland Elsass-Lothringen
61%
Freie und Hansestadt Lübeck
58%
Herzogtum Braunschweig
52%
Fürstentum Lippe
47%
Großherzogtum Mecklenburg-Schwerin
36%
Großherzogtum Mecklenburg-Strelitz
34%
Fürstentum Waldeck-Pyrmont
27%
Herzogtum Sachsen-Coburg und Gotha
25%
Fürstentum Schaumburg-Lippe
24%
Herzogtum Sachsen-Meiningen
19%
Großherzogtum Sachsen-Weimar-Eisenach
15%
Herzogtum Sachsen-Altenburg
14%
Fürstentum Schwarzburg-Rudolstadt
13%
Fürstentum Schwarzburg-Sondershausen
11%
Fürstentum Reuss (jüngerer Linie)
10%
Fürstentum Reuss (älterer Linie)
9%

Verteilung der Resultate

Perzentil nach korrekt beantworteten Fragen

Anzahl Personen mit jedem Resultat

Ihre Resultats-Entwicklung

Sie haben dieses Quiz noch nicht gespielt